| 000 | 01958nam0a2200313 4500 | ||
|---|---|---|---|
| 001 | RU\NLR\BIBL_A\011313034 | ||
| 005 | 20260408205245.0 | ||
| 010 |
_a978-5-7473-0785-8 _950 |
||
| 021 |
_aRU _b2016-96890 _96425 |
||
| 035 | _a(NLR Aleph) 011313034 | ||
| 090 |
_a11031778 _c11031778 |
||
| 100 | _a20170120d2016 u y0rusy50 ca | ||
| 101 | 0 | _arus | |
| 102 | _aRU | ||
| 105 | _aa|||j|||000yy | ||
| 200 | 1 |
_aЭксплуатация и техническое обслуживание подвижного состава _eучебное пособие _e[для студентов вузов железнодорожного транспорта специальности Подвижной состав железных дорог] _fК.А. Сергеев, А.П. Бомбардиров _gФедер. агентство ж.-д. трансп. Федер. гос. бюджет. образоват. учреждение высш. образования "Моск. гос. ун-т путей сообщ. имп. Николая II" |
|
| 210 |
_aМосква _cМосковский государственный университет путей сообщения _d2016 |
||
| 215 |
_a119 с. _cил. _d20 |
||
| 309 | _aНа тит. л. и обл.: 8/7 | ||
| 320 | _aБиблиогр.: с. 115-117 (40 назв.) | ||
| 606 |
_aПодвижной состав (ж.-д.) _xЭксплуатация _jУчебные издания для высших учебных заведений _3RU\NLR\AUTH\661599616 _92150009 |
||
| 686 | 1 | _aО22-082я73-1 | |
| 700 | 1 |
_7ca _8rus _aСергеев _bК. А. _cд-р техн. наук, вагоностроение _f1945- _gКонстантин Александрович _936267 _3RU\NLR\AUTH\7753335 |
|
| 701 | 1 |
_aБомбардиров _bА.П. _gАндрей Петрович |
|
| 942 | _cBOOK | ||
| 980 | _aNBR | ||
| 980 | _aNB | ||